000 00675nam a22001937a 4500
999 _c176060
_d176060
005 20201026123124.0
010 _aUR-10913
020 _c300.00
_a9789390100286
035 _aU-9468
037 _bDBAD/PUB
082 _a841
100 _dمحمد علی ميا ں خيا ل
245 _aآ ءينہء خيا ل
_cمحمد علی ميا ں خيا ل
246 _bAaina-e-Khayal(Urdu)
_aby Mohd.Ali Mian Khayal
260 _aN.Delhi
_bEducational Publishing House
_c2020 ء
270 _aH.O.D1/16,Ansari Road,Darya ganj,
_bN.Delhi
_e110002
_k45678285,23216162
_l0091-11-23211540
300 _a256 ص
_c22 Cm(Hb)
942 _2ddc
_cUR
_h841
_mخ ی ا